Schematismus Indigitans Hospitia Excelsorum Procerum Et Inclytorum Statuum Et Ordinum Regni Hungariae, Ad Generalia Regni Comitia in Liberam Regiamque Civitatem Posoniensem pro 16. Decembris 1832. indicta convocatorum

Podrobná bibliografia
Korporatívny autor: Weber, Šimon Ľudovít (Tlačiar)
Médium: Kniha
Jazyk:latinčina
Fyzický popis:95 strán, 1 nečíslovaná strana 8° 12 × 9 cm
Vydavateľské údaje: Posonii Typis S. L. Weber 1832
Predmet:

MARC

LEADER 00000nam a2200000 4500
001 vtls012279211
003 SK-MaSNL
005 20260426013750.0
008 251112s1832 xo f 000 0 lat
015 |a SNBHFA 
040 |a SNKHF  |b slo  |c SNK  |e rda 
041 0 |a lat 
043 |a e-xo--- 
044 |a xo  |c SK 
072 7 |a 929.5/.9  |x Genealógia. Heraldika. Šľachta. Vlajky  |2 konspekt 
080 |a 929.7  |2 2011 
080 |a 910.4  |2 2011 
080 |a (437.611)  |2 2011 
130 0 |a Schematismus  |9 373790 
245 1 0 |a Schematismus Indigitans Hospitia Excelsorum Procerum Et Inclytorum Statuum Et Ordinum Regni Hungariae,  |b Ad Generalia Regni Comitia in Liberam Regiamque Civitatem Posoniensem pro 16. Decembris 1832. indicta convocatorum 
246 3 4 |a Schematismus Comitialis Regni Hungariae, Anni 1832 
264 1 |a Posonii  |b Typis S. L. Weber  |c 1832 
300 |a 95 strán, 1 nečíslovaná strana  |c 8°  |c 12 × 9 cm 
336 |a text  |b txt  |2 rdacontent 
337 |a bez média  |b n  |2 rdamedia 
338 |a zväzok  |b nc  |2 rdacarrier 
500 |a Linky 
504 |a Tabuľky 
546 |a Latinčina  |b Antikva  |b Kurzíva 
546 |a Maďarčina  |b Antikva  |b Kurzíva 
561 |a Proveniencia: Pečiatka Dr. E. Kadarász-vernot Poz Margity Zayovej.  |5 SNK SE 14420 
563 |a Väzba: sivo-fialová papierová lepenková obálka  |5 SNK SE 14420 
650 0 7 |a šľachta  |2 SNKPH  |9 28113 
650 0 7 |a cestovanie  |2 SNKPH  |9 18846 
650 0 7 |a ubytovanie  |2 SNKPH  |9 429714 
651 7 |a Bratislava (Slovensko)  |2 SNKPH  |9 14568 
700 1 |a Zaiová, Margita,  |d 1868-1937  |4 fmo  |9 186369 
710 2 |a Weber, Šimon Ľudovít,  |d narodený 1784  |4 prt  |9 724409 
752 |a Slovensko  |d Bratislava 
852 |a Slovenská národná knižnica  |b Zaiova knižnica: Zay 9950 (Z 11 387)  |p SE 14420 
958 |a DF 
958 |a ONDV 
999 |c 1132308  |d 1134238 
952 |t Zay 9950 (Z 11 387)  |a SNK  |b SNK  |c SNK_HF  |y PREZ  |7 0  |p 17A1487796  |o snkSE 14420  |i snk2025/10901  |8 5  |0 0  |1 0  |4 0  |d 2025-07-09  |l 0  |r 2026-02-24 19:06:50  |w 2026-02-24